Southville International School and Colleges
Your cart is empty.
  • Cart
  • Lists
    Public lists Eva Luna New books Lux_list list_1
    Your lists Log in to create your own lists
  • Log in to your account
  • Your cookies
  • Search history
Southville International School and Colleges
  • Advanced search
  • Recent comments
  • Most popular
  • Libraries

Log in to your account

Log in with GOOGLE


If you do not have an external account, but do have a local account, you can still log in:

  1. Home
  2. MARC view: Simple Internet :
Normal view MARC view ISBD view

Simple Internet : (Record no. 305535)

[ view plain ]
MARC details
000 -LEADER
fixed length control field 00612nam a2200229Ia 4500
008 - FIXED-LENGTH DATA ELEMENTS--GENERAL INFORMATION
fixed length control field 170203s9999 xx 000 0 und d
020 ## - INTERNATIONAL STANDARD BOOK NUMBER
International Standard Book Number 9719307587
050 ## - LIBRARY OF CONGRESS CALL NUMBER
Classification number 4.67
050 ## - LIBRARY OF CONGRESS CALL NUMBER
Item number .An544s 2000
100 ## - MAIN ENTRY--PERSONAL NAME
Personal name Andes, Antonio Sr. M.
245 ## - TITLE STATEMENT
Title Simple Internet :
245 ## - TITLE STATEMENT
Remainder of title fully illustrated /
245 ## - TITLE STATEMENT
Statement of responsibility, etc Antonio M. Andes Sr.; edited by Rodel N. Naz.
260 ## - PUBLICATION, DISTRIBUTION, ETC. (IMPRINT)
Place of publication, distribution, etc Legazpi City:
260 ## - PUBLICATION, DISTRIBUTION, ETC. (IMPRINT)
Name of publisher, distributor, etc Andes Mountain Printers,
260 ## - PUBLICATION, DISTRIBUTION, ETC. (IMPRINT)
Date of publication, distribution, etc 2000
300 ## - PHYSICAL DESCRIPTION
Extent viii, 450 pages :
650 ## - SUBJECT ADDED ENTRY--TOPICAL TERM
Topical term or geographic name as entry element Computers.
650 ## - SUBJECT ADDED ENTRY--TOPICAL TERM
Topical term or geographic name as entry element internet.
650 ## - SUBJECT ADDED ENTRY--TOPICAL TERM
General subdivision Juvenile literature.
650 ## - SUBJECT ADDED ENTRY--TOPICAL TERM
General subdivision Juvenile literature.
Holdings
Withdrawn status Lost status Damaged status Home library Current library Shelving location Date acquired Total Checkouts Full call number Barcode Date last seen Price effective from Koha item type
      Stonyhurst Southville International School (Batangas) Stonyhurst Southville International School (Batangas)   02/03/2017   004.67 .An544s 2000 LS-1158 02/03/2017 02/03/2017 Books

Simple Internet :

APA

Andes A. S. M., .Simple Internet. Legazpi City: .

Chicago

Andes Antonio Sr M, .Simple Internet. Legazpi City: .

Harvard

Andes A. S. M., .Simple Internet. Legazpi City: .

MLA

Andes Antonio Sr M, .Legazpi City: . .

  • Place hold
  • Print
  • Cite
  • Add to your cart (remove)
  • Save record
    BIBTEX Dublin Core MARCXML MARC (non-Unicode/MARC-8) MARC (Unicode/UTF-8) MARC (Unicode/UTF-8, Standard) MODS (XML) RIS
  • More searches
    Search for this title in:
    Other Libraries (WorldCat) Other Databases (Google Scholar) Online Stores (Bookfinder.com) Open Library (openlibrary.org)

Exporting to Dublin Core...

SOUTHVILLE LIBRARY

Southville International School and Colleges Library

1281 Tropical Ave. Cor. Luxembourg St., BF Homes International, Las Pinas City

Tel. No. 8256374 / 252358 Loc. 117/146

Powered by Koha